000
00273nam a2200133Ia 4500
082
_a
150
_b
P07
100
_a
CICCARELLI , SAUNDRA K
245
_a
PSYCHOLOGY
250
_a
1ST
260
_b
PERSON
_a
DELHI
_c
2007
300
_a
1-
650
_a
PSYCHOLOGY
942
_2
ddc
_c
BK
_0
3
999
_c
1576
_d
1576